বনৌষধির আশ্চর্য্য আরোগ্য ক্ষমতা / (Record no. 1591)
[ view plain ]
| 000 -LEADER | |
|---|---|
| fixed length control field | 00953nam a2200217 a 4500 |
| 001 - CONTROL NUMBER | |
| JCCL Control Number | 1591 |
| 003 - CONTROL NUMBER IDENTIFIER | |
| JCCL marc code | BD-JhCC |
| 005 - DATE AND TIME OF LATEST TRANSACTION | |
| control field | 20171022111030.0 |
| 008 - FIXED-LENGTH DATA ELEMENTS--GENERAL INFORMATION | |
| fixed length control field | 171022s1999 bg a|||| ||a| 000 0 ben d |
| 035 ## - SYSTEM CONTROL NUMBER | |
| system control number | (BD-JhCC)1591 |
| 040 ## - CATALOGING SOURCE | |
| Original cataloging agency | BD-JhCC |
| Modifying agency | BD-JhCC |
| 041 ## - LANGUAGE CODE | |
| Language code of Book | ben |
| 082 ## - DEWEY DECIMAL CLASSIFICATION NUMBER | |
| Classification number | 615.321 |
| Author mark and Year | LAN 1999 |
| 100 ## - MAIN ENTRY--PERSONAL NAME | |
| Personal name | ল্যাডিয়ন,-হারমিনিয়া ডি গুজম্যান |
| 245 ## - TITLE STATEMENT | |
| Title | বনৌষধির আশ্চর্য্য আরোগ্য ক্ষমতা / |
| Remainder of title | বনৌষধির কার্য্যকর ব্যবহারের নির্দেশনা |
| Statement of responsibility, etc | হারমিনিয়া ডি গুজম্যান -ল্যাডিয়ন |
| 260 ## - PUBLICATION, DISTRIBUTION, ETC. (IMPRINT) | |
| Place of publication, distribution, etc | ঢাকা : |
| Name of publisher, distributor, etc | বাংলাদেশ এ্যাডভেন্টিষ্ট প্রেস, |
| Date of publication, distribution, etc | ১৯৯৯. |
| 300 ## - PHYSICAL DESCRIPTION | |
| Pagination | 140 p. : |
| Dimensions | 22 cm. |
| 650 ## - SUBJECT ADDED ENTRY--TOPICAL TERM | |
| Topical term or geographic name as entry element | Herbs |
| General subdivision | Therapeutiz Use |
| 942 ## - ADDED ENTRY ELEMENTS (KOHA) | |
| Source of classification or shelving scheme | Dewey Decimal Classification |
| Koha item type | Books |
| Source of classification or shelving scheme | Damaged status | Not for loan | Home library | Current library | Shelving location | Date of accession | Cost, normal purchase price | Total Checkouts | Full call number | Barcode | Date last seen | Copy number | Koha item type |
|---|---|---|---|---|---|---|---|---|---|---|---|---|---|
| Dewey Decimal Classification | JCC Rouf Library | JCC Rouf Library | General Stacks | 10/22/2017 | 130.00 | 615.321 LAN 1999 | 2864 | 10/22/2017 | C-1 | Books |